Регионална библиотека "Любен Каравелов" - Русе

Wilhelm Busch (Запис номер 46925)

MARC детайли
000 -Лидер
Контролно поле с фиксирана дължина 01301nam a2200385 c 4500
003 - Код на организацията, давaща контролен номер
Контролно поле BLK
005 - Дата и час на последна редакция
Контролно поле 20250121133802.0
008 - Елементи от данни с фиксирана дължина
fixed length control field 180408b bul|||||r ||||||| ||bul||
010 ## - Наследен системен номер
LC control number KNG00050733000
020 ## - Международен стандартен номер на книга ISBN
Международен стандартен номер на книга ISBN 3-499-50163-5
-- издат.: Rowohlt
040 ## - Източник на каталожния запис
Идентификатор на билиотеката - собственик на записа BLK
041 ## - Код за език
Код за езика на текст/звукозапис или на отделно заглавие Немски
Код за езика КДБФ Немски
080 ## - УДК
Текстов определител УДК Немска литература
УДК код - определител по УДК 821.112.2
УДК определител (092)
УДК - код + определител 821.112.2(092)
080 ## - УДК
Текстов определител УДК Хайнрих Кристиан Вилхелм Буш. Немски поет
УДК код - определител по УДК 929 Буш, Вилхелм
УДК определител
УДК - код + определител 929 Буш, Вилхелм
100 1# - Редна дума - Автор
Автор Kraus, Joseph
Авторска отговорност първи автор
R(LIN) 281040
139 ## - Редно поле
Редна дума Kraus, Joseph
Авторски знак Bus - B 97
245 10 - Сведения за заглавието
Заглавие Wilhelm Busch
Редно поле (дума) Joseph Kraus.
250 ## - Област на изданието
Сведения за изданието 12. Aufl
257 ## - Страна на издаване
Страна на създаване/издаване Германия
260 ## - Област на издателските данни
-- Hamburg
Име на издателя, разпространителя и проч. Rowohlt
Година на издаване 1994
300 ## - Физическа характеристика
Страници 192 c
Илюстрации и др. с ил.
Размери/Мащаб 19 cm
380 ## - Жанр
Жанр Литературознание
490 1# - СЕРИИ (Колекции)
Име на серия Rororo Bildmonographien
600 #0 - Име на лице, използвано като предмет
За него / За нея Буш, Вилхелм
9 (RLIN) 364474
650 #4 - Допълнително описание по предмет – тема
Основно описание – тема или топоним Писатели, немски - биографии
9 (RLIN) 276400
653 ## - Ключова дума – ненормативна
Ключова дума немски писатели
653 ## - Ключова дума – ненормативна
Ключова дума биографии
653 ## - Ключова дума – ненормативна
Ключова дума Вилхелм Буш
852 ## - Местоположение
Форматна сигнатура Цб 186768
856 4# - Електронен адрес и достъп
Електронен формат pdf - файл
Път до файла /url/
856 4# - Електронен адрес и достъп
Електронен формат pdf - файл
Път до файла /url/
942 ## - АРТИКУЛИ
Вид на библиотечния материал Книги
Скрит в OPAC Не
944 ## - СЪЗДАВАНЕ И РЕДАКЦИЯ на ЗАПИСА
Създаване/Редакция Създаване
Дата на регистрацията/редакция 01.01.1999
Служител, извършил регистрацията/редакцията 30550
Статус, дата на статуса Кети Илиева
944 ## - СЪЗДАВАНЕ И РЕДАКЦИЯ на ЗАПИСА
Създаване/Редакция Редакция
Дата на регистрацията/редакция 23.01.2017
Служител, извършил регистрацията/редакцията Сечил_Томаш
999 ## - СИСТЕМНИ КОНТРОЛНИ НОМЕРА
Koha biblionumber 46925
Koha biblioitemnumber 46925
Наличности
Код за отписване Код за изгубен артикул Източник на класификационната схема Код за повреда Коз за рестрикции Код за отдаване Артикулен № Име на библиотеката - собственик Име на библиотеката, в която се намира в момента Статус (Текущо местоположение) Дата на вписване в системата Местоположение - отдел Цена в лева Инвентарен номер Систематично азбучна сигнатура Баркод Номер на екземпляра Цена в евро Служебна бележка Служебен тип на артикула
  Не е изгубен Universal Decimal Classification Не е повреден без рестрикции заемане за дома 73872 Регионална библиотека "Любен Каравелов" Русе Регионална библиотека "Любен Каравелов" Русе ЧЧЗО - нем. ез. - Гьоте инст. 2002-01-01 ЧЧЗО - нем. ез. - Гьоте инст. 10.00 120000902727 Ч5 830(092)/B97 120000902727 1 5.11 Дост: Da Книги
Vip Innovations Ltd, Rousse, Bulgaria 2025